000 00688nam a2200181Ia 4500
008 100917s9999 xx 000 0 und d
082 _b10807
100 _aरहाळकर कृ. के.
245 _aतारानगरीच्या परिसरात (आ. 4 थी.)
260 _bअरगडे , कुलकर्णी प्रकाशन
_c1972
300 _a22
365 _b0.5
520 _aबालविभाग
630 _aतारानगरीच्या परिसरात (आ. 4 थी.)
650 _aबालविभाग
730 _aतारानगरीच्या परिसरात (आ. 4 थी.)
942 _cBOOK
999 _c616201
_d616198